Statistics for False Friends

Click here to take the quiz!

General Stats

  • This quiz has been taken 20 times
  • The average score is 8 of 36

Answer Stats

HintAnswer% Correct
armbras
95%
carvoiture
90%
appointmentrendez-vous
80%
ancienold
70%
bridemariée
55%
blesserto injure/hurt
50%
armeweapon
50%
agreementaccord
45%
actuallyen fait/réellement
45%
to blessbénir
40%
to assistaider
35%
actuellementright now/currently
35%
balanceéquilibre
30%
carbus
15%
agendadiary
15%
assisterto attend
15%
ancientantique
10%
balancescales/weighing machine
10%
accommodateaccueillir
5%
abruptbrusque
5%
bailcaution
5%
affluencerichesse/prospérité
5%
ballotscrutin/bulletin de vote
5%
abruptsteep
5%
agrémentapproval
0%
bridebridle
0%
ballotbundle
0%
alterationchangement
0%
affluencecrowd
0%
altérationdéterioration
0%
adept atexpert en
0%
adeptefollower
0%
baillease
0%
agendaordre du jour
0%
appointementssalary
0%
accommoderto adapt
0%

Score Distribution

Percentile by Number Answered

Percent of People with Each Score

Your Score History

You have not taken this quiz